Вып. 8; Сборник научно-методических статей по теории механизмов и машин

Dettagli Bibliografici
Parent link:Сборник научно-методических статей по теории механизмов и машин/ СССР, Министерство высшего и среднего специального образования. Вып. 8.— , 1968-
Altri autori: Левитский Н. И.
Lingua:russo
Pubblicazione: 1979
Soggetti:
Natura: MixedMaterials Libro
KOHA link:https://koha.lib.tpu.ru/cgi-bin/koha/opac-detail.pl?biblionumber=196208

MARC

LEADER 00000nam2a2200000 4500
001 196208
005 20231031183016.0
035 |a (RuTPU)RU\TPU\book\214051 
035 |a RU\TPU\book\214045 
090 |a 196208 
100 |a 20110519d1979 k y0rusy50 ca 
101 0 |a rus 
102 |a RU 
105 |a a z 001zb 
200 0 |a Вып. 8  |f гл. ред. Н. И. Левитский 
210 |d 1979 
215 |a 126 с.  |c ил. 
320 |a Библиогр. в конце ст. 
461 1 |0 (RuTPU)RU\TPU\book\214031  |t Сборник научно-методических статей по теории механизмов и машин  |f СССР, Министерство высшего и среднего специального образования  |v Вып. 8  |d 1968- 
600 1 |a Артоболевский  |b И. И.  |c специалист в области теории машин и механизмов  |f 1905-1977  |g Иван Иванович  |c академик АН СССР, Герой Социалистического Труда  |2 stltpush  |3 (RuTPU)RU\TPU\pers\15331 
610 1 |a методика 
610 1 |a преподавание 
610 1 |a ЭВМ 
610 1 |a роботы-манипуляторы 
675 |a 621.01  |v 3 
702 1 |a Левитский  |b Н. И.  |4 651 
801 1 |a RU  |b 63413507  |c 20110519 
801 2 |a RU  |b 63413507  |c 20220506  |g RCR 
942 |c BK